Hacia una evangelización integral (Registro nro. 51712)
[ vista simple ]
| 000 -LÍDER | |
|---|---|
| Campo fijo de descripción fija | 00952aab a2200205 i 4500 |
| 001 - NÚMERO DE CONTROL | |
| Campo de control | 768714001 |
| 003 - IDENTIFICADOR DEL NÚMERO DE CONTROL | |
| Campo de control | CO-MdFUSB |
| 005 - FECHA Y HORA DE LA ULTIMA TRANSACCIÓN | |
| control field | 20240422092106.0 |
| 008 - ELEMENTOS DE LONGITUD FIJA -- INFORMACIÓN GENERAL | |
| Campo fijo de descripción fija -- Información general | 240418t1987 ag ||||| |||| 00| 0 spa d |
| 040 ## - FUENTE DE CATALOGACIÓN | |
| Idioma de catalogación | spa |
| Agencia que realiza la transcripción | CO-MdFUSB |
| 041 ## - CÓDIGO DE IDIOMA | |
| Código de idioma para texto/pista de sonido o título separado | spa |
| 100 1# - ASIENTO PRINCIPAL--NOMBRE PERSONAL | |
| Nombre personal | Consejo Mundial de Iglesias |
| Término relacionador | autor |
| 245 ## - TÍTULO | |
| Título | Hacia una evangelización integral |
| Mención de responsabilidad | / Consejo Mundial de Iglesias |
| 300 ## - DESCRIPCIÓN FÍSICA | |
| Extensión | Volumen 6, número 2 (junio, 1987), páginas: 27 - 33 |
| Dimensiones | ; 27 cm |
| 520 ## - NOTA DE RESUMEN, ETC. | |
| Nota de sumario, etc. | Redacta el interés compartido en el evangelio y el deseo de participar en la obra misional en el nombre de Cristo de los distintos grupos teológicos y religiosos. El evangelio es la buena noticia de Dios para la humanidad y se honra su obra misionera. |
| 650 #7 - ASIENTO SECUNDARIO DE MATERIA - TERMINO TEMÁTICO | |
| Término temático o nombre geográfico como elemento de entrada | Teología pastoral y unidad cristiana |
| 9 (RLIN) | 7183 |
| 650 #7 - ASIENTO SECUNDARIO DE MATERIA - TERMINO TEMÁTICO | |
| Término temático o nombre geográfico como elemento de entrada | Teología doctrinal |
| 9 (RLIN) | 179 |
| 773 0# - ASIENTO DE ITEM FUENTE | |
| Título | Iglesia y Misión |
| Biblionumber | 49402 |
| Itemnumber | 59679 |
| Parte(s) relacionada(s) / Volumen., número. (mes año), páginas | Volumen 6, número 2 (junio, 1987), páginas: 27 - 33 |
| Enumeración y primera página | página: 27 |
| 942 ## - TIPO DE MATERIAL (KOHA) | |
| Tipo de Item KOHA | Artículos de Revista |
No hay ítems disponibles.
